| 000 | 00569nam a2200205 a 4500 | ||
|---|---|---|---|
| 005 | 20240910063820.0 | ||
| 008 | 050628s2001 000 eng d | ||
| 020 | _a9684764103 | ||
| 035 | _aUPN01000140290 | ||
| 049 | _aCG | ||
| 050 | 4 |
_aPQ7298.3 R5 _bC6.5 |
|
| 100 | 1 |
_aTrigos, Juan, _d1941- |
|
| 245 | 1 | 0 |
_aConfesión de una muerta / _cJuan Trigos. |
| 260 |
_aMéxico : _bFontamara, _c[2001]. |
||
| 300 | _a168 p. | ||
| 440 | 0 |
_aFontamara popular ; _v311 |
|
| 650 | 4 |
_aLiteratura mexicana _ySiglo XX _95344 |
|
| 650 | 4 |
_aCuentos de terror _92404 |
|
| 905 | _aLibro | ||
| 999 |
_c112438 _d112438 |
||